Представление документа в формате MARC21

ПолеНазваниеЗначение
  Тип записи a
  Библиографический уровень m
001 Контрольный номер RU\infra-m\znanium\bibl\2237584
005 Дата корректировки 20260429142107.5
008 Кодируемые данные 260326s2025 RU g rus u
020 Индекс ISBN __
a ISBN 978-5-9614-9979-7
040 Источник каталогиз. __
a Служба первич. каталог. Общество с ограниченной ответственностью «ЗНАНИУМ»
041 Код языка издания __
a Код языка текста rus
044 Код страны публикации __
a Код страны публикации RU
080 Индекс УДК __
a Индекс УДК 82
084 Индекс другой классификации/Индекс ББК __
2 Источник индекса rubbk
a Индекс другой классификации/Индекс ББК 84
100 Автор __
a Автор Ларина- Бухарина А.
q Полное имя Ларина- Бухарина Анна
245 Заглавие __
a Заглавие Незабываемое
b Продолж. заглавия Художественная литература
250 Сведения об издании __
a Основные сведения об издании 1
260 Выходные данные __
a Место издания Москва
b Издательство ООО "Альпина Паблишер"
c Дата издания 2026
300 Физическое описание __
a Объем 496 с.
520 Аннотация __
a Аннотация В 1937 г. видного политического деятеля Николая Бухарина арестовывают а его супругу Анну Ларину- Бухарину объявляют ЧСИР (членом семьи изменника Родины) и отправляют в ссылку. О смерти мужа Анна узнает в Томском лагере куда попадает по сфабрикованному обвинению. В заключении она провела 19 лет а после освобождения написала пронзительные мемуары в которых личная драма переплетается с трагедией эпохи Большого террора. Вспоминая годы в тюрьме и лагере она описывает абсурд и жестокость ставшие частью жизни сотен тысяч невинных. В книге запечатлены ее знакомство с Бухариным предыстория «бухаринского процесса» тяжелые лагерные будни и судьбы других репрессированных. Перед читателем также предстают яркие портреты Сталина Троцкого Рыкова Радека Орджоникидзе Ежова Берии и других партийных деятелей. Эти мемуары не только взгляд изнутри на трагедию эпохи но и история борьбы за правду и реабилитацию имени Бухарина которой Анна посвятила всю жизнь.
521 Примеч. о цел. назн. __
a Примеч. о целев. назн. Дополнительное образование взрослых
650 Тематические рубрики __
a Основная рубрика Художественная литература. Досуг
x Основная подрубрика Беллетристика и публицистика
655 Указ. предметных рубрик (устаревшее) __
a Жанр/ форма (устаревшее) Художественная литература
856 Электронный адрес документа 4_
a Имя сервера/домена znanium.ru
m Помощь ebs_support@infra-m.ru
n Местонахождение сервера НИЦ ИНФРА-М
u URL https://znanium.ru/catalog/document?id=475170
856 Электронный адрес документа 48
a Имя сервера/домена znanium.ru
d Путь /cover/2237
f Электронное имя 2237584.jpg
q Тип электронного формата image/jpeg
u URL https://znanium.ru/cover/2237/2237584.jpg
911 __
u 0030=https://znanium.ru/catalog/document?id=475170